000 01021cam a2200301 i 4500
001 24140
003 Mx-PuUPA
005 20241119111417.0
008 140415s1974 mx gr 000 0 spa d
040 _aMx-PuUPA
_bspa
_cMx-PuUPA
_dMx-PuUPA
_erda
041 0 _aspa
100 1 _aRuxton, George Frederick,
_d1820-1848
_916467
_eautor
245 1 0 _aAventuras en México /
_cGeorge F. Ruxton ; traducción de Raúl Rejo
264 1 _aMéxico, D. F. :
_bEdiciones El Caballito,
_c1974
300 _a245 páginas ;
_c20 cm
336 _2rdacontent
_atexto
_btxt
337 _2rdamedia
_asin medio
_bn
338 _2rdacarrier
_avolumen
_bnc
490 0 _acolección Grandes Obras Marxistas
650 7 _2armarc
_aViajeros
_zMéxico
_xRelaciones personales
651 4 _aMéxico
_xDescripciones y viajes
651 4 _aMéxico
_xViajes
_xRelaciones personales
700 1 _aTrejo, Raúl,
_etraductor
942 _2ddc
_cLI
_h917.204
_iR98
999 _c24140
_d24140